=LDR 00000nam 2200000 4500 =001 INLIS000000000036443 =005 20240905042139 =035 ##$$a 0010-061300000036443 =008 240905################g##########0#ind## =041 ##$$a Ind =082 ##$$a 658.15 =090 ##$$a 658.15, Man s =100 ##$$a Manurung, Adler H =245 1#$$a Successful financial planner a complete guide panduan lengkap perencana keuangan /$c Adler H. Manurung =260 ##$$a Jakarta :$b Kompas Gramedia,$c 2009 =300 ##$$a ix, 251 hlm, : $b ilus ; $c 23 cm =650 #4$$a Keuangan manajemen =850 ##$$a NBPNMAT =084 ##$$a 658.15 MAN s =990 ##$$a 0001/BPAP-NTB/2016 =990 ##$$a 08340834 =990 ##$$a 21102738 =990 ##$$a 0001/BPAP-NTB/2016